[Event "ch-PER"]
[Site "Lima PER"]
[Date "2002.10.05"]
[Round "7"]
[White "Garcia,Ja"]
[Black "Esplana,C"]
[Result "1/2-1/2"]
[WhiteElo "2297"]
[BlackElo "2335"]
[EventDate "2002.10.01"]

1. d4 Nf6 2. Nf3 d5 3. e3 e6 4. c4 Be7 5. Nc3 O-O 6. Bd3 a6 7. b3 c5 8. O-O
Nc6 9. Bb2 b6 10. Qe2 Nb4 11. Bb1 Bb7 12. Rd1 cxd4 13. exd4 Bd6 14. Ne5 Rc8
15. a3 Nc6 16. cxd5 exd5 17. Bf5 Rc7 18. Nxc6 Rxc6 19. Qd3 Bc8 20. Bxc8
Qxc8 21. g3 b5 22. Kg2 Qd7 23. Ne2 Re8 24. a4 b4 25. Rac1 Rec8 26. Rxc6
Rxc6 27. Rc1 h6 28. Rxc6 Qxc6 29. f3 Kf8 30. Bc1 a5 31. Kf2 Ke7 1/2-1/2

[Event "ch-PER"]
[Site "Lima PER"]
[Date "2002.10.05"]
[Round "7"]
[White "Robbiano Taboada,C"]
[Black "Nina,M"]
[Result "1/2-1/2"]
[WhiteElo "2252"]
[BlackElo "2238"]
[EventDate "2002.10.01"]

1. e4 e5 2. Nc3 Nc6 3. g3 d6 4. Bg2 f5 5. Nge2 Nf6 6. O-O Be7 7. d4 O-O 8.
dxe5 dxe5 9. Qxd8 Rxd8 10. Bg5 fxe4 11. Bxf6 gxf6 12. Bxe4 Bg4 13. Kg2 Rd2
14. f3 Be6 15. Rad1 Rxd1 16. Rxd1 Rd8 1/2-1/2

[Event "ch-PER"]
[Site "Lima PER"]
[Date "2002.10.05"]
[Round "7"]
[White "Castaneda,G"]
[Black "Cruz,F"]
[Result "1/2-1/2"]
[WhiteElo "2425"]
[BlackElo "2363"]
[EventDate "2002.10.01"]

1. d4 Nf6 2. Nf3 e6 3. e3 b6 4. Bd3 Bb7 5. O-O Be7 6. c4 O-O 7. Nc3 d5 8.
cxd5 exd5 9. b3 Nbd7 10. Bb2 Re8 11. Rc1 Bf8 12. Ne5 Nxe5 13. dxe5 Rxe5 14.
Ne2 Rg5 15. f4 Rh5 16. Bxf6 Qxf6 17. Ng3 Rh6 18. Nf5 Rg6 19. Rxc7 Rb8 20.
Nd4 Qd8 21. Rc2 Rf6 22. Qg4 1/2-1/2

[Event "ch-PER"]
[Site "Lima PER"]
[Date "2002.10.05"]
[Round "7"]
[White "Gutierrez,Re"]
[Black "Oblitas,C"]
[Result "1-0"]
[WhiteElo "2233"]
[BlackElo "2408"]
[EventDate "2002.10.01"]

1. e4 c5 2. Nf3 g6 3. d4 Bg7 4. Nc3 cxd4 5. Nxd4 Nc6 6. Be3 Nf6 7. Nb3 d6
8. Be2 O-O 9. g4 Be6 10. g5 Nd7 11. f4 Na5 12. Bd4 Nxb3 13. axb3 Bxd4 14.
Qxd4 Qb6 15. Qxb6 Nxb6 16. O-O Bh3 17. Rf3 Bg4 18. Rf2 Bxe2 19. Rxe2 f6 20.
gxf6 Rxf6 21. Rf1 Raf8 22. Ref2 Rc8 23. Kg2 Kf7 24. Kg3 Rc5 25. e5 Rf5 26.
Ne4 Rd5 27. exd6 exd6 28. Ng5+ Kg8 29. Re1 Nd7 30. Re8+ Rf8 31. Rxf8+ Nxf8
32. Re2 h6 33. Ne4 Kf7 34. Nc3 Rc5 35. b4 Rc4 36. Nb5 Rxb4 37. Nxd6+ Kf6
38. Ne8+ Kf7 39. Nd6+ Kg8 40. b3 Rb6 41. Nc8 Ra6 42. Re7 Rc6 43. Nxa7 Rc3+
44. Kf2 Rxc2+ 45. Kf3 Rxh2 46. Rxb7 Ne6 47. Nc6 Nc5 48. Rb8+ Kg7 49. b4 Ne6
50. Rb7+ Kf8 51. Ne5 g5 52. f5 Rh3+ 53. Ke4 Nd8 54. Rd7 Ke8 55. Rh7 Rh4+
56. Kd5 Rxb4 57. f6 Rb5+ 58. Ke4 Ne6 59. Re7+ 1-0

[Event "ch-PER"]
[Site "Lima PER"]
[Date "2002.10.05"]
[Round "7"]
[White "Soto,Jo"]
[Black "Pacheco,M"]
[Result "1/2-1/2"]
[WhiteElo "2412"]
[BlackElo "2284"]
[EventDate "2002.10.01"]

1. e4 e6 2. d4 d5 3. Nc3 Bb4 4. e5 c5 5. a3 Bxc3+ 6. bxc3 Qc7 7. Qg4 f5 8.
Qg3 cxd4 9. cxd4 Ne7 10. Bd2 O-O 11. Bd3 b6 12. Ne2 Ba6 13. Nf4 Qd7 14. O-O
Bxd3 15. Qxd3 Nbc6 16. a4 Ng6 17. Nxg6 hxg6 18. Rfb1 Rfc8 19. g3 Rc7 20. h4
Rac8 21. Ra2 Ne7 22. a5 bxa5 23. Bxa5 Rc4 24. Bd2 Nc6 25. c3 Rb8 26. Rxb8+
Nxb8 27. Rb2 Rc8 28. Qb5 Nc6 29. Qb7 Rc7 30. Qa6 Rc8 31. Rb7 Rc7 32. Rb5
Kh7 33. Kg2 Qc8 34. Qxc8 Rxc8 35. Kf3 Rb8 36. Rc5 Rb6 37. Ke3 a5 38. Kd3 a4
39. Bc1 Ra6 40. Rb5 Na5 41. Kc2 Nc4 42. Kb1 Rb6 43. Rb4 Kg8 44. Kc2 Ra6 45.
Kb1 Ra7 46. Ka2 Ra6 47. Rb7 Na5 48. Rb8+ Kh7 49. Ba3 Nc4 50. Bc1 Na5 51.
Rb4 Nc4 52. f3 Nb6 53. g4 fxg4 54. fxg4 Kg8 55. Rb5 a3 56. Rc5 Nc4 57. Rc8+
Kf7 58. Rc7+ Kg8 59. Rc8+ Kf7 60. h5 gxh5 61. gxh5 Ra7 62. Rb8 Na5 63. Bxa3
g5 64. hxg6+ Kxg6 65. Bc5 Rf7 66. Re8 Kf5 67. Ka3 Nc4+ 68. Ka4 Nb2+ 69. Kb5
Nd1 70. c4 Ne3 71. cxd5 Nxd5 72. Kc6 Nc3 73. Rh8 Ne4 74. Bb6 Ng3 75. Rg8
Ne4 76. Rg1 Nc3 77. Rf1+ Kg6 78. Rc1 Nd5 79. Ba5 Ra7 80. Bd8 Ra4 81. Kc5
Ra8 82. Rg1+ Kf5 83. Bf6 Ra6 84. Rg8 Ra5+ 85. Kc4 Ra4+ 86. Kc5 Ra5+ 87. Kc6
Ra6+ 88. Kb5 Rb6+ 89. Kc5 Ra6 90. Bd8 Nc3 91. Rf8+ Ke4 92. Rf6 Nd5 93. Rh6
Kf5 94. Rh7 Kg6 95. Rd7 Kf5 96. Rxd5 exd5 97. Kxd5 Ra4 98. Bb6 Ra6 99. Bc5
Kg6 100. e6 Kf6 101. e7 Kf7 102. Kc4 Ke8 103. Kd5 Kd7 1/2-1/2

[Event "ch-PER"]
[Site "Lima PER"]
[Date "2002.10.05"]
[Round "7"]
[White "Vera,K"]
[Black "Cotrina Moscoso,W"]
[Result "0-1"]
[WhiteElo "2233"]
[BlackElo "2225"]
[EventDate "2002.10.01"]

1. Nf3 Nf6 2. g3 g6 3. Bg2 Bg7 4. O-O O-O 5. d4 d6 6. b3 e5 7. dxe5 Ng4 8.
Bb2 Nc6 9. Nbd2 Ngxe5 10. Nxe5 Nxe5 11. Qc1 Re8 12. Nf3 Nc6 13. e3 Bf5 14.
Rd1 Be4 15. Bxg7 Kxg7 16. Qb2+ Qf6 17. Qxf6+ Kxf6 18. Nd4 Bxg2 19. Kxg2 Re5
20. Ne2 d5 21. Nc3 Ne7 22. Rd3 c6 23. Rad1 h5 24. Kf3 g5 25. h3 b5 26. a3
a5 27. b4 axb4 28. axb4 Kf5 29. g4+ hxg4+ 30. hxg4+ Ke6 31. Kg3 Rg8 32. f4
gxf4+ 33. exf4 Rh5 34. Re1+ Kd7 35. Ne4 Rh6 36. g5 Kc7 37. Nc5 Nc8 38. Rde3
Rh5 39. Kg4 Rh2 40. Re7+ Nxe7 41. Rxe7+ Kc8 42. Rxf7 Rxc2 43. Kf5 d4 44.
Ke4 Rd8 45. g6 Rxc5 46. g7 Rc1 47. f5 d3 48. Rf8 Re1+ 49. Kf4 Ree8 50. Rxe8
Rxe8 51. f6 d2 52. f7 Rd8 53. f8=Q d1=Q 54. Qf5+ Qd7 55. Qf8 Qe8 56. Qf6
Kb7 57. Qf5 Rd7 58. Qxd7+ Qxd7 59. g8=Q Qd4+ 60. Kf3 Qd5+ 61. Qxd5 cxd5 62.
Kf4 Kc7 63. Ke3 Kd7 64. Kf3 Ke6 65. Kf4 Kf6 0-1

[Event "ch-PER"]
[Site "Lima PER"]
[Date "2002.10.06"]
[Round "8"]
[White "Belli,M"]
[Black "Cotrina Moscoso,W"]
[Result "1-0"]
[WhiteElo "2401"]
[BlackElo "2225"]
[EventDate "2002.10.01"]

1. d4 Nf6 2. Nf3 e6 3. c3 b6 4. Bf4 Bb7 5. e3 c5 6. h3 Nc6 7. Nbd2 cxd4 8.
exd4 Be7 9. Bd3 d6 10. Qe2 O-O 11. O-O Re8 12. Rad1 Qc7 13. Rfe1 a6 14. Bh2
h6 15. Ne4 Nb8 16. Nxf6+ Bxf6 17. Nd2 Nd7 18. Nc4 Be7 19. Ne3 Bf8 20. Bc2
Nf6 21. Bb3 Rac8 22. Ng4 Nxg4 23. Qxg4 Qd8 24. Bf4 Qf6 25. Qg3 Rcd8 26. a4
Kh8 27. Bc2 g6 28. Qe3 Kh7 29. Bg3 Qg5 30. f4 Qd5 31. Rd2 f5 32. Qe2 Qc6
33. Bh4 Rc8 34. Bb3 d5 35. Bf6 Kg8 36. g4 Kf7 37. Be5 Be7 38. Kh2 Bh4 39.
Rg1 Qd7 40. Bc2 Rg8 41. Qd1 Ra8 42. Rdg2 Bc6 43. gxf5 exf5 44. Rxg6 Rxg6
45. Qh5 Bg5 46. fxg5 Qe6 47. gxh6 Bd7 48. h7 b5 49. a5 b4 50. Rxg6 Qxg6 51.
Qxg6+ Kxg6 52. h8=Q 1-0

[Event "ch-PER"]
[Site "Lima PER"]
[Date "2002.10.06"]
[Round "8"]
[White "Pacheco,M"]
[Black "Vera,K"]
[Result "1-0"]
[WhiteElo "2284"]
[BlackElo "2233"]
[EventDate "2002.10.01"]

1. d4 f5 2. Nf3 Nf6 3. c4 d6 4. Nc3 g6 5. g3 Bg7 6. Bg2 O-O 7. O-O c6 8. b3
Qa5 9. Bd2 Qc7 10. d5 e5 11. dxe6 Bxe6 12. Rc1 Qe7 13. Ng5 Na6 14. Nxe6
Qxe6 15. Be3 Rfd8 16. Bd4 Nc7 17. Qc2 d5 18. Bxf6 Bxf6 19. cxd5 Nxd5 20.
Nxd5 cxd5 21. Qd3 Rd7 22. Rc5 Rad8 23. Rd1 d4 24. Rdc1 Kg7 25. Rc7 b6 26.
Qa6 Be5 27. Rxa7 Rxa7 28. Qxa7+ Rd7 29. Qa6 d3 30. exd3 Bd4 31. Qc8 Kh6 32.
Bc6 Re7 33. Qxe6 Rxe6 34. Kf1 Kg5 35. h4+ Kg4 36. Rc4 Rd6 37. Kg2 Kh5 38.
Bf3+ Kh6 39. a4 Kg7 40. b4 Kf6 41. a5 bxa5 42. bxa5 Ke5 43. Rc6 Rd7 44. Kf1
Rg7 45. Ke2 h6 46. h5 gxh5 47. Rxh6 Rc7 48. Rc6 Rh7 49. Bg2 f4 50. gxf4+
Kxf4 51. Rc4 Re7+ 52. Kd2 Rd7 53. a6 Ke5 54. Rxd4 Kxd4 55. Bb7 Rf7 56. f3
Rg7 57. a7 Rg2+ 58. Ke1 Ke3 59. Kf1 1-0

[Event "ch-PER"]
[Site "Lima PER"]
[Date "2002.10.06"]
[Round "8"]
[White "Oblitas,C"]
[Black "Soto,Jo"]
[Result "1-0"]
[WhiteElo "2408"]
[BlackElo "2412"]
[EventDate "2002.10.01"]

1. g3 g6 2. Bg2 Bg7 3. d4 d6 4. c3 Nf6 5. e4 O-O 6. Ne2 e5 7. O-O Nc6 8. h3
Re8 9. d5 Ne7 10. Be3 c5 11. Nd2 b6 12. a3 Ba6 13. c4 b5 14. b4 Nd7 15. Nc3
bxc4 16. Qa4 Qc8 17. bxc5 dxc5 18. Rfd1 Rd8 19. Rac1 Bf8 20. Bf1 Nb6 21.
Qa5 f5 22. Bxc5 Nexd5 23. Bxf8 Nxc3 24. Qxc3 Rxf8 25. Nxc4 fxe4 26. Qxe5
Qf5 27. Qxf5 Rxf5 28. Ne3 Ra5 29. Bxa6 Rxa6 30. Rc3 Ra4 31. Rd6 Re8 32. Rc7
Rxa3 33. Ng4 Rf3 34. Nh6+ Kh8 35. Nf7+ Kg8 36. Nh6+ Kh8 37. Nf7+ Kg8 38.
Ng5 Rd3 39. Nxe4 Rxd6 40. Nxd6 Ra8 41. Ne4 a5 42. Nf6+ Kf8 43. Nxh7+ Ke8
44. Rc6 Rb8 45. Rxg6 Ke7 46. Rg7+ Kd6 47. Nf6 a4 48. Ne4+ Kc6 49. Rg6+ Kd5
50. Nc3+ Kc4 51. Nxa4 Nxa4 52. h4 Nc5 53. Rf6 Ne4 54. Rf7 Kd5 55. Kg2 Nd6
56. Rf3 Rh8 57. Kh3 Ne4 58. Rf5+ Ke6 59. g4 Nd6 60. Ra5 Rf8 61. Kg2 Ne4 62.
f3 Nd2 63. Ra3 Nc4 64. Ra6+ Ke5 65. Kg3 Nd2 66. f4+ Ke4 67. Re6+ Kd4 68. f5
Ne4+ 69. Kf4 Nc3 70. f6 Kd5 71. Re5+ Kd6 72. g5 Rh8 73. f7 Nd5+ 74. Rxd5+
Kxd5 75. Kf5 1-0

[Event "ch-PER"]
[Site "Lima PER"]
[Date "2002.10.06"]
[Round "8"]
[White "Cruz,F"]
[Black "Gutierrez,Re"]
[Result "1/2-1/2"]
[WhiteElo "2363"]
[BlackElo "2233"]
[EventDate "2002.10.01"]

1. d4 Nf6 2. c4 e6 3. Nc3 d5 4. Bg5 c6 5. e3 Nbd7 6. Nf3 Qa5 7. Nd2 Bb4 8.
Qc2 dxc4 9. Bxf6 Nxf6 10. Nxc4 Qc7 11. Be2 Nd5 12. O-O Nxc3 13. bxc3 Be7
14. Ne5 O-O 15. Bd3 g6 16. f4 c5 17. Qf2 Bf6 18. Be4 Bd7 1/2-1/2

[Event "ch-PER"]
[Site "Lima PER"]
[Date "2002.10.06"]
[Round "8"]
[White "Nina,M"]
[Black "Castaneda,G"]
[Result "1-0"]
[WhiteElo "2238"]
[BlackElo "2425"]
[EventDate "2002.10.01"]

1. e4 e6 2. d4 d5 3. Nd2 c5 4. Ngf3 Nf6 5. e5 Nfd7 6. c3 Nc6 7. Bd3 g6 8.
O-O Bg7 9. Re1 O-O 10. Nf1 cxd4 11. cxd4 Qb6 12. Be3 Qxb2 13. h4 f5 14. g3
Qa3 15. Qe2 Nb6 16. Rab1 Bd7 17. Kg2 Rfc8 18. N1d2 Nb4 19. Rb3 Qa4 20. h5
Nxa2 21. hxg6 hxg6 22. Qf1 Rc3 23. Rxc3 Nxc3 24. Qh1 Be8 25. Ng5 Qd7 26.
Qh7+ Kf8 27. Ndf3 Bf7 28. Nh4 Qe8 29. Bc1 Nc8 30. Ba3+ Ne7 31. Nxe6+ Bxe6
32. Nxg6+ Kf7 33. Nxe7 Qa4 34. Qg6+ Kf8 35. Qxe6 1-0

[Event "ch-PER"]
[Site "Lima PER"]
[Date "2002.10.06"]
[Round "8"]
[White "Esplana,C"]
[Black "Robbiano Taboada,C"]
[Result "1/2-1/2"]
[WhiteElo "2335"]
[BlackElo "2252"]
[EventDate "2002.10.01"]

1. e4 c5 2. Nf3 d6 3. d4 cxd4 4. Nxd4 Nf6 5. Nc3 g6 6. h3 Nc6 7. Be3 Bg7 8.
Bc4 O-O 9. Bb3 Bd7 10. O-O Rc8 11. f4 Nxd4 12. Bxd4 Bc6 13. Qd3 Nd7 14.
Bxg7 Kxg7 15. Rad1 b5 16. Kh1 Qb6 17. a3 b4 18. axb4 Qxb4 19. f5 f6 20. Qd4
a5 21. Be6 Rc7 22. b3 Ne5 23. Rf2 Rb8 24. Kg1 Bb7 25. Na2 Qxd4 26. Rxd4 Ba6
27. Ra4 Rb5 28. g4 Bb7 29. Rd4 Rcc5 30. Kf1 Nc6 31. Rc4 Ne5 32. Rd4 Nc6 33.
Rc4 Ne5 34. Rd4 Ba6 35. Ke1 Nc6 36. Rd5 Nb4 37. Rxc5 Rxc5 38. Nxb4 axb4 39.
Bd5 Rc3 40. Rd2 Re3+ 41. Kd1 Rxh3 42. Rd4 h5 43. gxh5 gxh5 44. Rxb4 h4 45.
Rb6 Bf1 46. Ke1 Rf3 47. Rb8 h3 48. Rg8+ Kh7 49. Rg4 Kh6 50. Rh4+ Kg5 51.
Rh8 Kf4 52. e5 Bg2 53. Bxf3 Kxf3 54. exd6 exd6 55. c4 Kg3 56. Rg8+ Kf3 57.
Rh8 Kg3 58. Rg8+ Kf3 59. Rh8 Kg3 60. Rg8+ 1/2-1/2

[Event "ch-PER"]
[Site "Lima PER"]
[Date "2002.10.07"]
[Round "9"]
[White "Garcia,Ja"]
[Black "Belli,M"]
[Result "1/2-1/2"]
[WhiteElo "2297"]
[BlackElo "2401"]
[EventDate "2002.10.01"]

1. d4 Nf6 2. c4 g6 3. Nc3 Bg7 4. e4 d6 5. Nf3 O-O 6. Be2 c5 7. d5 e5 8. O-O
Ne8 9. Ne1 f5 10. exf5 gxf5 11. f4 Nd7 12. Be3 Kh8 13. g3 Qe7 14. Qd2 Rg8
15. Ng2 e4 16. Kf2 Ndf6 1/2-1/2

[Event "ch-PER"]
[Site "Lima PER"]
[Date "2002.10.07"]
[Round "9"]
[White "Castaneda,G"]
[Black "Esplana,C"]
[Result "1-0"]
[WhiteElo "2425"]
[BlackElo "2335"]
[EventDate "2002.10.01"]

1. d4 Nf6 2. Nf3 e6 3. e3 b6 4. Bd3 Bb7 5. O-O c5 6. c4 g6 7. a3 Bg7 8. b4
O-O 9. Nbd2 d5 10. bxc5 bxc5 11. Rb1 Qc7 12. Bb2 dxc4 13. Bxc4 Nbd7 14. Qe2
cxd4 15. Bxd4 Nb6 16. Ba6 Bxa6 17. Qxa6 Qc8 18. Qa5 Qb7 19. Rb3 Rfc8 20.
Rfb1 Nfd7 21. h4 Bxd4 22. Nxd4 Rc5 23. Rb5 Rac8 24. Rxc5 Rxc5 25. Qb4 e5
26. N4f3 Qd5 27. h5 Kg7 28. Qh4 f6 29. Qg4 Rc2 30. Qb4 a5 31. Qe7+ Qf7 32.
h6+ Kg8 33. Qd6 Nc8 34. Qa6 Qd5 35. Rb5 Rc1+ 36. Kh2 Qf7 37. Rb7 g5 38. Ne4
Ncb6 39. Rxb6 Nxb6 40. Qxb6 Qh5+ 41. Kg3 Qxh6 42. Nxf6+ Kg7 1-0

[Event "ch-PER"]
[Site "Lima PER"]
[Date "2002.10.07"]
[Round "9"]
[White "Gutierrez,Re"]
[Black "Nina,M"]
[Result "0-1"]
[WhiteElo "2233"]
[BlackElo "2238"]
[EventDate "2002.10.01"]

1. e4 e5 2. Bc4 Nc6 3. Nc3 Bc5 4. Qg4 g6 5. Qg3 Nf6 6. Nf3 Nh5 7. Qg5 Qxg5
8. Nxg5 f6 9. Nf3 d6 10. Nd5 Bb6 11. h3 Ne7 12. Nxb6 axb6 13. d4 h6 14. Be3
g5 15. O-O-O Ng6 16. Nd2 Nhf4 17. Rh2 Be6 18. Bxe6 Nxe6 19. d5 Ng7 20. a3
f5 21. f3 Ke7 22. Rg1 Raf8 23. Kd1 fxe4 24. fxe4 Nh5 25. g3 b5 26. Ke2 c6
27. dxc6 bxc6 28. Rf2 Rxf2+ 29. Kxf2 Nf6 30. Kg2 Ke6 31. Rf1 Ra8 32. Re1 d5
33. exd5+ cxd5 34. c3 Ne7 35. Nb3 Ne4 36. Nc5+ Nxc5 37. Bxc5 Nc6 38. Rf1 d4
39. cxd4 exd4 40. g4 Rg8 41. Rf5 d3 42. Kf1 Rd8 43. Ke1 Ne5 44. b3 d2+ 45.
Kd1 Nd3 46. Kxd2 Nxc5+ 47. Kc3 Rd3+ 48. Kc2 Rd5 49. Rf8 Ke5 50. Rh8 Ne4 51.
Rxh6 Rd2+ 52. Kc1 Rd3 53. Kc2 Kd4 54. a4 b4 55. Rc6 Rc3+ 56. Rxc3 Nxc3 57.
a5 Kc5 58. Kd3 Kb5 59. Kd4 Ne2+ 60. Ke3 Nf4 61. h4 Ng2+ 62. Ke4 Nxh4 63.
Ke5 Kxa5 64. Kf6 Nf3 65. Kf5 Kb5 66. Ke4 Nh2 67. Kf5 Kc5 68. Kxg5 Kd4 69.
Kf4 Nxg4 70. Kxg4 Kc3 0-1

[Event "ch-PER"]
[Site "Lima PER"]
[Date "2002.10.07"]
[Round "9"]
[White "Soto,Jo"]
[Black "Cruz,F"]
[Result "0-1"]
[WhiteElo "2412"]
[BlackElo "2363"]
[EventDate "2002.10.01"]

1. e4 c5 2. Nf3 e6 3. d4 cxd4 4. Nxd4 a6 5. c4 Nf6 6. Bd3 Nc6 7. Nxc6 dxc6
8. O-O e5 9. Bg5 h6 10. Be3 Ng4 11. Qe2 Nxe3 12. Qxe3 Qg5 13. Re1 Qxe3 14.
Rxe3 Be6 15. Nd2 O-O-O 16. Nb3 Be7 17. Be2 Kc7 18. Rc3 Rd7 19. Rd1 Rxd1+
20. Bxd1 Bb4 21. Rc2 Rd8 22. Be2 a5 23. Kf1 a4 24. Na1 f5 25. b3 axb3 26.
Nxb3 fxe4 27. h3 Bf5 28. Rc1 Ra8 29. g4 Bh7 30. c5 Rxa2 31. Bc4 Rb2 32. Rd1
e3 0-1

[Event "ch-PER"]
[Site "Lima PER"]
[Date "2002.10.07"]
[Round "9"]
[White "Vera,K"]
[Black "Oblitas,C"]
[Result "1/2-1/2"]
[WhiteElo "2233"]
[BlackElo "2408"]
[EventDate "2002.10.01"]

1. d4 Nf6 2. Nf3 c5 3. c3 e6 4. e3 b6 5. Nbd2 Bb7 6. Bd3 Be7 7. O-O O-O 8.
Qe2 Qc8 9. b3 cxd4 10. cxd4 Ba6 11. Bb2 Bxd3 12. Qxd3 Qa6 13. Qxa6 Nxa6 14.
a3 Rac8 15. Rfc1 Nb8 16. Rxc8 Rxc8 17. Rc1 Rxc1+ 18. Bxc1 Nc6 19. Kf1 d5
20. Ke2 Kf8 21. h3 Bd6 22. Kd3 Ke7 23. Bb2 h6 24. g3 g6 25. Bc1 a6 26. b4
Bc7 27. e4 dxe4+ 28. Nxe4 Nxe4 29. Kxe4 h5 30. Kd3 b5 31. Ng5 f5 32. f4 Kd6
33. Nf3 Bd8 34. Bb2 Kd5 35. h4 Bf6 36. Bc3 Bd8 37. Nd2 a5 38. Nf1 Bb6 39.
Ne3+ Kd6 40. Nc2 axb4 41. Bxb4+ Kd7 42. Bc5 Ba5 43. Nb4 Bxb4 44. Bxb4 Kc7
45. Kc3 Kc8 46. Kd3 Kd7 47. Kc3 Ke8 48. Kd3 Kd8 49. Kc3 Kc7 50. Kd3 Kb7 51.
Kc3 Kb6 52. Kd3 Kb7 53. Kc3 Kc8 54. Kd3 Kd7 55. Kc3 Kd8 56. Kd3 Ke8 57. Kc3
Kf7 58. Kd3 Kf6 59. Ke3 Kg7 60. Kd3 Kg8 61. Kc3 Kg7 62. Kd3 Kf7 63. Kc3 Ke8
64. Kd3 Kd8 65. Kc3 Kc8 66. Kd3 Kb8 67. Kc3 Ka8 68. Kd3 Ka7 69. Kc3 Kb7 70.
Kd3 Kb8 71. Kc3 Kc7 72. Kd3 Kd7 73. Kc3 1/2-1/2

[Event "ch-PER"]
[Site "Lima PER"]
[Date "2002.10.07"]
[Round "9"]
[White "Cotrina Moscoso,W"]
[Black "Pacheco,M"]
[Result "0-1"]
[WhiteElo "2225"]
[BlackElo "2284"]
[EventDate "2002.10.01"]

1. d4 Nf6 2. c4 e6 3. Nf3 b6 4. g3 Bb7 5. Bg2 Be7 6. Nc3 Ne4 7. Qc2 Nxc3 8.
Qxc3 O-O 9. O-O f5 10. Rd1 Bf6 11. Bf4 d6 12. Rac1 Qe7 13. Qd2 Nd7 14. b4
Rad8 15. d5 e5 16. Be3 Kh8 17. a4 Ra8 18. a5 bxa5 19. bxa5 Ba6 20. Qc2 Nc5
21. Bxc5 dxc5 22. e3 e4 23. Nd2 Rab8 24. Rb1 Qe5 25. Bf1 h5 26. Rxb8 Rxb8
27. Rb1 Rb2 28. Rxb2 Qxb2 29. Qa4 Qxd2 30. Qe8+ Kh7 31. Qxh5+ Kg8 32. Qxf5
Qxa5 33. g4 Qa1 34. Qxe4 Qe5 35. Qd3 Bc8 36. f4 Qc3 37. Qxc3 Bxc3 38. Be2
a5 39. Bd1 Bd7 40. e4 a4 41. h3 a3 42. Bb3 Bd2 43. f5 Bf4 44. Kg2 Ba4 45.
Ba2 Bd1 46. Kf2 Kf7 47. Ke1 Bf3 48. Bb1 Bxe4 49. Ba2 Bg2 0-1

[Event "ch-PER"]
[Site "Lima PER"]
[Date "2002.10.07"]
[Round "10"]
[White "Belli,M"]
[Black "Pacheco,M"]
[Result "1/2-1/2"]
[WhiteElo "2401"]
[BlackElo "2284"]
[EventDate "2002.10.01"]

1. d4 Nf6 2. Nf3 g6 3. c4 Bg7 4. Nc3 O-O 5. Bf4 d6 6. h3 Nbd7 7. e3 c6 8.
Be2 a6 9. O-O b5 10. Rc1 Bb7 11. Qb3 Nb6 12. Nd2 Nfd7 13. Rfd1 Ra7 14. Qc2
Qa8 15. b3 Re8 16. Bg3 c5 17. d5 b4 18. Ncb1 e5 19. Ne4 Qb8 20. f4 exf4 21.
exf4 f5 22. Ng5 Nf8 23. Bd3 Bc8 24. Re1 Rae7 25. Qd2 Qc7 26. Rxe7 Rxe7 27.
Re1 Bf6 28. Nf3 Rxe1+ 29. Qxe1 Qe7 1/2-1/2

[Event "ch-PER"]
[Site "Lima PER"]
[Date "2002.10.07"]
[Round "10"]
[White "Cruz,F"]
[Black "Vera,K"]
[Result "1-0"]
[WhiteElo "2363"]
[BlackElo "2233"]
[EventDate "2002.10.01"]

1. d4 d5 2. Nf3 Nf6 3. c4 e6 4. Nc3 Be7 5. Bg5 Nbd7 6. e3 c6 7. Qc2 O-O 8.
a3 dxc4 9. Bxc4 b5 10. Bd3 Bb7 11. O-O a6 12. Rfd1 Re8 13. Rac1 h6 14. Bxf6
Nxf6 15. Ne4 Nd7 16. Ne5 f5 17. Qb3 Nxe5 18. dxe5 Qd5 19. Qxd5 cxd5 20. Nc5
Bxc5 21. Rxc5 Rac8 22. Rdc1 Rxc5 23. Rxc5 Rc8 24. Rxc8+ Bxc8 25. Kf1 Kf7
26. Ke1 Ke7 27. Kd2 Kd7 28. Kc3 Kc6 29. Kd4 Bb7 30. Be2 g6 31. g4 Bc8 32.
gxf5 exf5 33. h4 Be6 34. f4 Bg8 35. b4 Be6 36. Bf3 Bg8 37. Bh1 Be6 38. Bg2
Bg8 39. e6 Kd6 40. Bxd5 Bxe6 41. Bxe6 Kxe6 42. Kc5 Kf6 43. Kb6 g5 44. fxg5+
hxg5 45. hxg5+ Kxg5 46. Kxa6 Kg4 47. Kxb5 Kf3 48. Kc5 Kxe3 49. b5 f4 50. b6
f3 51. b7 f2 52. b8=Q f1=Q 53. Qe5+ Kd2 54. Qd4+ 1-0

[Event "ch-PER"]
[Site "Lima PER"]
[Date "2002.10.07"]
[Round "10"]
[White "Nina,M"]
[Black "Soto,Jo"]
[Result "1-0"]
[WhiteElo "2238"]
[BlackElo "2412"]
[EventDate "2002.10.01"]

1. e4 e5 2. Nf3 d6 3. d4 Nf6 4. Nc3 Nbd7 5. Bc4 Be7 6. dxe5 dxe5 7. Qe2 O-O
8. O-O c6 9. Rd1 Qc7 10. a4 a5 11. h3 Bb4 12. Bg5 h6 13. Bxf6 Nxf6 14. g4
Re8 15. Rd3 Nd7 16. Nh4 Nc5 17. Rf3 Be6 18. Nf5 Bxc4 19. Qxc4 Ne6 20. Ne2
Bf8 21. Rd3 Nc5 22. Rg3 b5 23. axb5 cxb5 24. Qc3 Qb7 25. f3 Qa6 26. Qe1 b4
27. Kh1 Ne6 28. Ne3 Nf4 29. Nc1 Red8 30. Ng2 Ne6 31. Ne3 Rac8 32. Rg2 a4
33. b3 a3 34. Nc4 f6 35. Nd3 Qb5 36. Rd2 Bc5 37. Nxc5 Qxc5 38. c3 Rxd2 39.
Qxd2 bxc3 40. Qd5 Qxd5 41. exd5 Nf4 42. d6 Nxh3 43. Nxa3 Kf7 44. Nc4 Ng5
45. Ra7+ Kg6 46. Ne3 Ne6 47. d7 Rd8 48. Kg2 Nf8 49. Rc7 Nxd7 50. Rxc3 e4
51. f4 Rb8 52. Nf5 Nb6 53. Rc7 Rg8 54. Ne7+ Kh7 55. Nxg8 Kxg8 56. b4 Nd5
57. Rc8+ Kf7 58. b5 Nxf4+ 59. Kg3 Nd5 60. Rc6 Ke7 61. b6 Nb4 62. Rc4 Na6
63. b7 g6 64. Rc6 Nb8 65. Rc5 Nd7 66. Rc7 1-0

[Event "ch-PER"]
[Site "Lima PER"]
[Date "2002.10.07"]
[Round "10"]
[White "Esplana,C"]
[Black "Gutierrez,Re"]
[Result "1-0"]
[WhiteElo "2335"]
[BlackElo "2233"]
[EventDate "2002.10.01"]

1. e4 c5 2. Nf3 d6 3. d4 cxd4 4. Nxd4 Nf6 5. Nc3 g6 6. h3 Bg7 7. Be3 Nc6 8.
Bc4 O-O 9. Bb3 Na5 10. O-O b6 11. Re1 Bb7 12. Bg5 h6 13. Bh4 Rc8 14. Nd5 e6
15. Bxf6 Bxf6 16. Nxf6+ Qxf6 17. c3 Rfd8 18. Qd2 Kh7 19. Nf3 b5 20. Qe3 a6
21. Qb6 Nxb3 22. axb3 Rd7 23. b4 e5 24. Rad1 Qe6 25. h4 Rc4 26. Nd2 Rc6 27.
Qe3 f6 28. Nf1 d5 29. h5 Rcd6 30. hxg6+ Kxg6 31. Ng3 dxe4 32. Rxd6 Qxd6 33.
Nxe4 Qc6 34. Qg3+ Kh7 35. Qf3 Rf7 36. Qf5+ Kg7 37. Re3 Qc8 38. Rg3+ Kf8 39.
Qg6 Qc6 40. Qxh6+ Ke7 41. Nc5 Bc8 42. Qh8 Qe8 43. Qh6 Qc6 44. Rg8 Bf5 45.
Rb8 Bc8 46. Qh8 Rf8 47. Qh7+ Rf7 48. Qe4 Qxe4 49. Nxe4 Rf8 50. Rb6 Rd8 51.
Nxf6 Rd1+ 52. Kh2 Rd2 53. Kg3 Rxb2 54. Ne4 Rc2 55. f3 Bf5 56. Rc6 Bxe4 57.
fxe4 a5 58. bxa5 b4 59. c4 b3 60. Rb6 Rxc4 61. Rxb3 Ra4 62. Kg4 Rxe4+ 63.
Kf5 Ra4 64. Rb5 e4 65. g4 e3 66. Re5+ Kf8 67. g5 e2 68. Kg6 Rxa5 69. Rxe2
Ra1 70. Re6 Rh1 71. Rb6 Rg1 72. Rb8+ Ke7 73. Rg8 Rh1 74. Kg7 Rc1 75. g6 Rh1
76. Rf8 Rg1 77. Rf2 Re1 78. Kg8 Re3 79. g7 Rh3 80. Re2+ Kd6 81. Re4 Rh2 82.
Kf7 Rf2+ 83. Kg6 Rg2+ 84. Kf6 Rg1 85. Rd4+ Kc5 86. Rd8 Rf1+ 87. Ke5 Re1+
88. Kf4 Rf1+ 89. Ke3 1-0

[Event "ch-PER"]
[Site "Lima PER"]
[Date "2002.10.07"]
[Round "10"]
[White "Garcia,Ja"]
[Black "Robbiano Taboada,C"]
[Result "1/2-1/2"]
[WhiteElo "2297"]
[BlackElo "2252"]
[EventDate "2002.10.01"]

1. d4 g6 2. c4 Bg7 3. Nc3 d6 4. e4 Nc6 5. d5 Nd4 6. Be3 c5 7. dxc6 Nxc6 8.
Nge2 Nf6 9. h3 Qa5 10. Qd2 O-O 11. f3 Bd7 12. Nd4 Nxd4 13. Bxd4 Be6 14. Be2
Nd7 15. O-O Bxd4+ 16. Qxd4 Rac8 17. b3 a6 18. Rfc1 Qc5 19. Qf2 Rc7 20. Qxc5
Nxc5 21. Nd1 Rfc8 22. Rc3 Kg7 23. Rac1 h5 24. h4 f6 25. Kf2 Kh6 26. g3 Rg8
27. Ne3 Kg7 28. Bf1 Rgc8 29. Ke2 Nd7 30. f4 b5 31. Kd2 Nc5 32. Bg2 bxc4 33.
Nxc4 Bxc4 34. Rxc4 a5 35. Ke3 Rb8 36. e5 Ra7 37. Rd1 Rb6 38. exd6 exd6 39.
Rcd4 Re7+ 40. Kf2 Re6 41. Bd5 Re7 42. Bf3 Re6 43. f5 gxf5 44. Bxh5 Ne4+ 45.
Kg2 Rc6 46. Rc4 Rxc4 47. bxc4 Nc3 48. Rd3 Nxa2 49. Ra3 Nb4 50. Rxa5 Nc2 51.
Kf2 Ne3 52. Ra7+ Kh6 53. Be2 Ng4+ 54. Bxg4 fxg4 55. Ra5 Re4 56. Rd5 1/2-1/2

[Event "ch-PER"]
[Site "Lima PER"]
[Date "2002.10.08"]
[Round "11"]
[White "Robbiano Taboada,C"]
[Black "Belli,M"]
[Result "0-1"]
[WhiteElo "2252"]
[BlackElo "2401"]
[EventDate "2002.10.01"]

1. e4 d6 2. d4 Nf6 3. Nc3 g6 4. Nf3 Bg7 5. Be2 O-O 6. O-O c6 7. a4 a5 8.
Re1 Na6 9. h3 Nb4 10. Bg5 d5 11. exd5 cxd5 12. Ne5 Bf5 13. Bd3 Rc8 14. Be3
Bxd3 15. Nxd3 Ne4 16. Nxe4 dxe4 17. Nc5 b6 18. c3 bxc5 19. cxb4 cxd4 20.
Bd2 Qd5 21. Rc1 d3 22. b3 axb4 23. Bxb4 Bb2 24. Rxc8 Rxc8 25. Bd2 Rc2 26.
b4 f5 27. a5 Bd4 28. a6 Qa2 0-1

[Event "ch-PER"]
[Site "Lima PER"]
[Date "2002.10.08"]
[Round "11"]
[White "Castaneda,G"]
[Black "Garcia,Ja"]
[Result "1/2-1/2"]
[WhiteElo "2425"]
[BlackElo "2297"]
[EventDate "2002.10.01"]

1. d4 Nf6 2. Nf3 g6 3. c4 Bg7 4. g3 O-O 5. Bg2 d6 6. O-O c6 7. Nc3 Bf5 8.
Nh4 Bd7 9. b3 Na6 10. Bb2 Rc8 11. Qd2 Qa5 12. Rfd1 Rfe8 13. a3 Qh5 14. b4
Nc7 15. a4 d5 16. cxd5 cxd5 17. Qd3 Bf5 18. Nxf5 Qxf5 19. e4 dxe4 20. Nxe4
b6 21. b5 Nfd5 22. Qb3 Qd7 23. Rac1 Red8 24. Rc6 a6 25. Rdc1 axb5 26. axb5
Rb8 27. Qc4 Ne8 28. h4 e6 29. Bh3 h6 30. Qb3 Kh7 31. Qf3 Ra8 32. h5 g5 33.
Bf1 Kg8 34. Bc4 Ra4 35. Qb3 Rda8 36. Rd1 Rb4 37. Qc2 Rba4 38. Kh2 Nb4 39.
Qe2 Nxc6 40. bxc6 1/2-1/2